Statistiques concernant Cinéma commençant par la lettre A

Cliquez ici pour prendre le quiz!

Statistiques générales

  • Ce quiz a été pris 2 300 fois
  • Le résultat moyen est 6 sur 12

Statistiques - réponses

HintRéponse% Correct
Prénom du redoutable Dark VadorAnakin
94%
Classique d'animation Disney avec un excentrique génieAladdin
87%
Évènement où un film est diffusé avant sa sortie officielleAvant-première
86%
Plus grand succès de 2009... et de l'histoireAvatar
81%
Nom de famille de Wes et Paul ThomasAnderson
63%
Des élèves de terminale tentent à tout prix de perdre leur virginitéAmerican Pie
54%
Leader de la Movida. Souvent avec PenélopePedro Almodóvar
32%
Diane Keaton et Mia Farrow ont été ses musesWoody Allen
25%
"Atmosphère ! Atmosphère ! Est-ce que j'ai une gueule d'atmosphère ?"Arletty
21%
Danseur du dessus, danseur à claquettesFred Astaire
20%
Agent secret des années 60 (à la dentition douteuse)Austin Powers
18%
Lois Lane rousse pour l'univers cinématographique DCAmy Adams
13%

Distribution des résultats

Percentile par nombre de réponses

% des personnes avec chaque résultat

Votre développement - résultats

Vous n’avez pas pris ce quiz